000 00680nam a2200277Ia 4500
008 220204s9999 xx 000 0 und d
082 _aNR:62
_bMOR
245 0 _aRubber technology
250 _aEd.3
260 _aNew York
_bVan Nostrand
_c1987
650 _aCarbon black
650 _aEthylene propylene rubber
650 _aFiller
650 _aFlurocarbon elastomer
650 _aFoam rubber
650 _aNatural rubber
650 _aNeoprene
650 _aPolyisoprene
650 _aPolymer
650 _aPolyurethane
650 _aReclaimed rubber
650 _aSilicone rubber
650 _aVulcanization
700 _aMorton, Maurice
942 _cREF
999 _c39963
_d39963